| 000 | 00791nam a22002057a 4500 | ||
|---|---|---|---|
| 003 | OSt | ||
| 005 | 20210414103105.0 | ||
| 008 | 210311s1962 ||||| |||| 00| 0 eng d | ||
| 040 |
_aeng _beng _cDLC |
||
| 041 |
_aeng _ageo |
||
| 080 |
_a811-3 _bG-97 |
||
| 100 |
_91350 _aGvardjaladze, Tamar / გვარჯალაძე, თამარ |
||
| 245 |
_aEnglish-Georgian Dictionary / ინგლისური-ქართული ლექსიკონი _c/ by: Knowledge / ცოდნა |
||
| 260 |
_aTbilisi / თბილისი _bKnowledge / ცოდნა _c1962 |
||
| 300 | _a581 p. | ||
| 650 | 0 |
_9452 _aDictionary |
|
| 653 | _aლექსიკონი | ||
| 700 |
_91351 _aGvardjaladze, Isidore / გვარჯალაძე, ისიდორე |
||
| 942 |
_2udc _cBK |
||
| 999 |
_c2120 _d2120 |
||